000 00853nam a2200217Ia 4500
005 20250114115719.0
008 161205s9999 xx 000 0 und d
050 _aPHS SB 339
_b.Uy997 2015
100 _aUy, Hannah Trisha Gail Q.
245 _aBiosorption of cadmium (Cd) utilizing onion (Allium cepa) ang garlic (Allium sativum) skin
_cHannah Trisha Gail Q. Uy
260 _aLas PiƱas, Philippines :
_bSouthville International School and Colleges,
_c2015.
300 _a29 p. :
_bill. ;
_c28 cm.
504 _aIncludes bibliographical references.
650 _aBiosorption.
650 _aCadmium
_vEnvironmental aspects.
650 _aEnvironmental remediation
_vBiological methods.
650 _aPlants
_vEnvironmental aspects.
650 _aOnion
_vIndustrial applications.
650 _aGarlic
_vIndustrial applications.
942 _cPASS
_2lcc
999 _c305301
_d305301